00847 2200277 4500001002100000005001500021035002500036008004100061020002200102040001700124082001700141084001900158090002300177090002100200100001900221245013100240260003000371300004600401650002200447700001200469700003100481850001200512007000300524999002100527990002100548INLIS00000000000508420200522111038 a0010-051500000000217150506s2014 yoia br ind d a978-979-29-4598-0 aYOPDYOGbind04222a220.9505 a220.9505 RAT s aDEP 220.9505 RAT s aCB-D.11 2014-7380 aRatih Maharani00a100 cerita tentang Abraham, Ishak, Yakub, Yusuf /cRatih Maharani; ilustrator, A. Osa; penyunting, Yashintha Vita Wahyuningsih3 aYogyakarta :bNain,c2014 a100 halaman :bilustrasi, gambar ;c21 cm 4aAlkitab--xCerita1 aOsa, A.0 aYasintha Vita Wahyuningsih aYOPDYOGta aCB-D.11/2014-738 aCB-D.11/2014-738